Tarzanov návrat

Bibliographic Details
Main Author: Burroughs, Edgar Rice, 1875-1950 (Author)
Format: Book
Language:Slovak
Published: Bratislava Mladé letá 1968

MARC

LEADER 00000nam a2200000 a 4500
001 vtls001181600
003 SK-MaSNL
005 20260301042916.0
008 240315s1968 xo 0 slo
035 |a SNK000124609 
040 |a SNK  |b slo  |c SNK  |e AACR2 
044 |a xo  |c SK 
100 1 |a Burroughs, Edgar Rice,  |d 1875-1950  |4 aut  |9 186682 
245 0 |a Tarzanov návrat  |c Edgar Rice Burroughs 
260 |a Bratislava  |b Mladé letá  |c 1968 
500 |a Náhrada za stratený simpl. 
958 |a OND 
999 |c 592178  |d 594108 
952 |t P60, <04>, [BOOK], {604}  |a SNK  |b SNK  |y PREZ  |7 0  |p 17A0436403  |o snkSD 33482 D1  |i snkKSP 4640/68  |0 0  |1 0  |4 0  |d 2004-08-13  |l 0  |r 2005-01-01 00:00:00  |w 2026-02-23 
952 |a SNK  |b SNK  |y PREZ  |7 0  |p 17A0847787  |o snkSD 33482   |0 0  |1 0  |4 0  |d 2013-08-08  |l 0  |r 2026-02-23 15:28:13  |w 2026-02-23